000 00647nas a22002171c 4500
001 a987673104
003 RU-10907106
005 20220831145548.0
008 140902m1975 gw |||| 000u ger d
022 _a0340-613x
040 _cRU-10907106
041 _ager
245 0 0 _aGeschichte und Gesellschaft
_b[Elektronische Ressource]
246 1 0 _aGG
264 _aGöttingen :
_bVandenhoeck & Ruprecht,
_c[2014]
362 0 _a1.1975-
500 _aMoving Wall: 2 Jahre.
500 _aOnline-Angebot nicht frei zugänglich, Zugang nur im DHI-Lesesaal
856 4 _uhttp://www.digizeitschriften.de/dms/toc/?IDDOC=320485
942 _cCR
_2z
999 _c35913
_d35913